Estudio prc̀tico de la declaracin̤ informativa de operaciones relevantes 2019

Detalles Bibliográficos
Autor principal: Přez Chv̀ez, Još
Otros Autores: Fol Olgun̕, Raymundo
Formato: eBook
Lenguaje:español
Publicado: Ciudad de Mx̌ico: Tax Editores, 2019
Materias:
Acceso en línea:Acceso restringido

MARC

LEADER 00000nam a22000007a 4500
005 20190517005444.0
007 cr|||| ||||
008 190517s2019 mx |||||s|||| 00||0 spa d
020 |a 978-607-629-345-4 
035 |a 23395 
040 |a vLex 
090 |c 8741  |d 8741 
100 1 |a Přez Chv̀ez, Još 
245 1 0 |a Estudio prc̀tico de la declaracin̤ informativa de operaciones relevantes 2019  |h [Recurso electrn̤ico] /  |c Jos ̌Přez Chv̀ez, Raymundo Fol Olgun̕ 
256 |a Servicio en ln̕ea 
260 |a Ciudad de Mx̌ico:  |b Tax Editores,  |c 2019 
300 |a 1 recurso electrn̤ico 
500 |a De acuerdo con la reforma fiscal vigente para 2014, a partir del 1o. de enero de ese aǫ ya no es obligatorio realizar el dictamen f iscal, por lo que es una opcin̤ en třminos del artc̕ulo 32-A del Cd̤igo Fiscal de la Federacin̤ (CFF); sin embargo, conforme al SAT, a raz̕ de esta modificacin̤ es necesario que las autoridades tributarias cuenten con cierta informacin̤ relevante acerca de algunas operaciones que antes se informaban a travš de este medio. Por ello, se adicion ̤el artc̕ulo 31-A del CFF con la finalidad de mantener informadas a las autoridades hacendarias sobre algunas operaciones relevantes. En esta obra precisamos, entre otros temas, los siguientes: 1. ¿Qu ̌contribuyentes se encuentran obligados y relevados de presentar la declaracin̤ informativa de operaciones relevantes? 2. ¿Qu ̌informacin̤ deber ̀enviarse? 3. Los medios y los plazos para hacerlo. 4. Las consecuencias por presentar la declaracin̤ informativa de operaciones relevantes incompleta o con errores. 5. La infraccin̤ y sancin̤ por no presentar la declaracin̤ informativa de operaciones relevantes. 6. La descarga, acceso y operacin̤ del aplicativo de la forma oficial 76 "Informacin̤ de Operaciones Relevantes”. Esperamos que esta obra sirva de gua̕ a las personas que tienen la obligacin̤ de presentar la declaracin̤ informativa de operaciones relevantes, a los estudiantes y profesores de la materia fiscal, a los despachos de contadores pb︢licos y, en general, a cualquier persona que se encuentre interesada en conocer esta declaracin̤ informativa. 
506 1 |a Disponible solo en los productos indicados  |d vLex Global  |d vLex Global (Academic Edition, excluding Law Schools)  |d vLex Global (U.S. Academic Edition, Law Schools)  |d vLex Global (U.S. Academic Edition, excluding Law Schools)  |d vLex Global (Academic Edition, Law Schools) 
650 0 4 |a Derecho Fiscal  |z Mx̌ico 
700 1 |a Fol Olgun̕, Raymundo 
740 0 |a vLex Libros (Servicio en ln̕ea) 
856 4 0 |u http://vlex.com/source/estudio-practico-de-la-declaracion-informativa-de-operaciones-relevantes-2019-23395  |z Acceso restringido 
942 |c BOOK 
999 0 |a Tax Law